000 01186nam a2200301 i 4500
001 000016608
003 DO-SdBNP
005 20250130131014.0
007 ta
008 100308s1986 dr a 000 0 spa d
040 _aDO-SdBNP
_bspa
_cBNPHU
_erda
082 _axxx
_bE24f
_222
110 1 _aRepública Dominicana.
_bSecretaría de Estado de Educación, Bellas Artes y Cultos
_923965
245 1 0 _aEducación física /
_celeboración Jorge B. Fernández M., Germán Rivas Matos, Héctor B. Rivas ; ilustración, Fremio Mejía, Julio César Martínez.
264 1 _aSanto Domingo :
_bSecretaría de Estado de Educación, Bellas Artes y Cultos,
_c1986.
300 _a130 páginas :
_bilustraciones ;
_c23 cm.
336 _atexto
_btxt
_2rdacontent
337 _asin mediación
_bn
_2rdamedia
338 _avolumen
_bnc
_2rdacarrier
504 _aBibliografía : páginas 129-130
590 _aInventariado, 2019/ YL
700 1 _aFernández M., Jorge B.
_936900
700 1 _aRivas Matos, Germán
_936901
700 1 _aRivas, Héctor B.
_936902
700 1 _aMejía, Fremio,
_eilustrador
_4il.
_936903
700 1 _aMartínez, Julio César,
_eilustrador
_4il.
_91263
942 _2ddc
_cLBS1
999 _c16141
_d16141